00338cam a22001097a 4500008004000000020001500040100003400055245008100089260002900170300001000199650001900209180718b1991 xxu||||| |||| 00| 0 eng d a8170071356 aSankaliya, Hansmukh Dhirajlal aBharat mein pragatihasik prodhiyiki (Hindi)cby Hansmukh Dhirajlal Sankaliya aNew DelhibPeoplesc1991 a100p. aIndustry-india